Statistics for Game of Thrones: Houses of the Crownlands

Click here to take the quiz!

General Stats

  • This quiz has been taken 8 times
  • The average score is 12 of 54

Answer Stats

Answer% Correct
Targaryen
100%
Velaryon
100%
Baratheon of Dragonstone
67%
Baratheon of King's Landing
67%
Bar Emmon
67%
Celtigar
67%
Darklyn
67%
Rosby
67%
Massey
50%
Rykker
50%
Stokeworth
50%
Sunglass
50%
Blackfyre
33%
Brune of Brownhollow
33%
Brune of Dyre Den
33%
Bywater
33%
Crabb
33%
Hollard
33%
Kettleblack
33%
Slynt
33%
Staunton
33%
Thorne
33%
Blount
17%
Chelsted
17%
Edgerton
17%
Hayford
17%
Hogg
17%
Wendwater
17%
Boggs
0%
Buckwell
0%
Byrch
0%
Cargyll
0%
Cave
0%
Chyttering
0%
Cressey
0%
Dargood
0%
Darke
0%
Darkwood
0%
Farring
0%
Follard
0%
Gaunt
0%
Hardy
0%
Harte
0%
Langward
0%
Largent
0%
Longwaters
0%
Mallery
0%
Manning
0%
Pyle
0%
Pyne
0%
Rambton
0%
Rollingford
0%
Scales
0%
Sweet
0%

Score Distribution

Percentile by Number Answered

Percent of People with Each Score

Your Score History

You have not taken this quiz